Electric Motor Handbook
Αποθηκεύτηκε σε:
| Μορφή: | Βιβλίο |
|---|---|
| Γλώσσα: | English |
| Έκδοση: |
Mc Graw Hill
1998
|
| Θέματα: | |
| Ετικέτες: |
Προσθήκη ετικέτας
Δεν υπάρχουν, Καταχωρήστε ετικέτα πρώτοι!
|
| Thư viện lưu trữ: | Mạng thư viện Đại học Đà Nẵng |
|---|
| LEADER | 00965nam a2200313 a 4500 | ||
|---|---|---|---|
| 001 | 000002908 | ||
| 003 | 00052 | ||
| 005 | 20171229145311.0 | ||
| 008 | 171229s1998 eng | ||
| 020 | |a 0070359717 | ||
| 040 | |a LSK | ||
| 041 | 0 | |a ENG | |
| 082 | 0 | |a 621.46 |b BE-H | |
| 245 | 0 | 0 | |a Electric Motor Handbook |c H.Wayne Beaty, James L. Kirtley, Jr. |
| 260 | |b Mc Graw Hill |c 1998 | ||
| 300 | |a 418 pages |c 24 cm. | ||
| 653 | |a Electric motors | ||
| 852 | |a Phòng Đọc | ||
| 901 | |a 1 | ||
| 927 | |a Sách tham khảo | ||
| OWN | |a LSK | ||
| AVA | |a UDN50 |b LSK |d 621.46 BE-H |e available |t Error 5001 Not defined in file expand_doc_bib_avail. |f 1 |g 0 |h N |i 0 |k 1 | ||
| 999 | |a From the UDN01 | ||
| AVA | |a UDN50 |b LSK |d 621.46 BE-H |e available |t Error 5001 Not defined in file expand_doc_bib_avail. |f 1 |g 0 |h N |i 0 |k 1 | ||
| TYP | |a Monograph | ||
| TYP | |a Printed language | ||
| 980 | |a Mạng thư viện Đại học Đà Nẵng | ||


